000 00232 a2200097 4500
001 42902
100 _aYousafi Allah Baksh
245 _aSarhad our Jado Jehd Azadi
260 _aLahore
_bMarkazi Urdu Board
_c
090 _c26788
_d26788
942 _aNUST-CAE
_cM
_c18655
999 _c277975
_d277975